Journal of Ancient Near Eastern Religions.

محفوظ في:

التنسيق: دورية

اللغة: Undetermined

الموضوعات:

الوصول للمادة أونلاين: Login to view Source

الوسوم: إضافة وسم

لا توجد وسوم, كن أول من يضع وسما على هذه التسجيلة!

رقم الطلب:

LEADER 00543nms a2200181Ia 4500
005 20240402053347.0
008 240131s9999||||xx |||||||||||||||||und||
999 |c 56430  |d 56430 
022 |a 1569-2116 
022 |a 1569-2124 
245 0 0 |a Journal of Ancient Near Eastern Religions. 
336 |2 rdacontent  |a text  |b txt 
337 |2 rdamedia  |a unmediated  |b n 
338 |2 rdacarrier  |a volume  |b n 
500 |a BRILLBRILLJ 
650 4 |a Ancient religions & mythologies. 
856 |z JANE  |u https://brill.com/view/journals/jane/jane-overview.xml 
942 |2 lcc  |c EJL